000 00578nmc a2200241 a 4500
003 AR-BaBNM
005 20251128211628.0
008 095020s1992 ||||||||||||||000 | spa||
020 _a0-435-27227-6
040 _cAR-BaBNM
100 1 _aSchaefer, Jack
245 1 0 _aShane
260 _aOxford
_bHeinemann
_c1992
300 0 _a95 p.
_bil.
490 0 _aHeinemann guided readers
500 0 _aNivel intermedio
650 4 _aENSENANZA DE IDIOMAS
650 4 _aINGLES
653 _aNOVELA CORTA
700 1 _aMilne, John
_eadaptador
942 _cBK
998 _cEugenia
999 _c20496
_d20496